| 000 | 00689nam a22001337a 4500 | ||
|---|---|---|---|
| 040 | _cRUA | ||
| 082 | _aVEM KHI 2014 B441 Or.1 | ||
| 100 | _aKHIN SEYHA ; ឃិន សីហា | ||
| 245 | _aThe survey on epidemiological of newcastle disease at angsnoul district, kandal province , ការអង្កេតពីការរាតត្បាតនៃជំងឺញ៉ូកាសចំពោះមាន់ក្នុងស្រុកអង្គស្នួល ខេត្តកណ្ដាល | ||
| 260 |
_aPhnom Penh _bRUA _c2014 |
||
| 300 |
_aviii ;34p. _bill. _c29cm. |
||
| 856 | _uhttps://drive.google.com/file/d/1DObHsaQTT1wm2l9IvYPUqnQXAWWhIHP7/view?usp=sharing | ||
| 942 | _cVEM | ||
| 999 |
_c7193 _d7193 |
||